000 006030000a22001810004500
003 MACL
005 20160520121634.0
008 160520b xxu||||| |||| 00| 0 eng d
040 _aMACL
_cMACL
041 _aHindi
082 _a891.433
100 _aशर्मा, यादवेन्‍द्र
_958389
245 _aराख से ढक मन
_cयादवेन्‍द्र शर्मा चन्‍द्र
260 _bयुगबोध साहित्‍य
_c2007
_aदिल्‍ली
350 _a125
650 _aNovel
_958390
942 _cHIN
_k891.433/SHA/N
_2ddc
999 _c21988
_d21988